| 000 | 00000nam##2200000za#4500 |
| 001 | 9.694011 |
| 003 | CaOODSP |
| 005 | 20240209132431 |
| 007 | cr ||||||||||| |
| 008 | 150407|2006||||xxc|||||o f|0| 0 eng|d |
| 040 | |aCaOODSP|beng |
| 043 | |an-cn--- |
| 086 | 1 |aC89-4/121-2006E-PDF |
| 110 | 2 |aAtlantic Canada Opportunities Agency. |
| 245 | 10|aWorking with young entrepreneurs |h[electronic resource] |
| 246 | 1 |iAt head of title : |aYoung Entrepreneur Development Initiative |
| 260 | |bAtlantic Canada Opportunities Agency |c[2006?]. |
| 300 | |a1p.|bphotographs |
| 500 | |aIncorrect catalogue number (C89-4/101-2003) and ISBN (0-662-67306-9) copied in this electronic publication. |
| 590 | |a11-06-Supp|b2011-04-14 |
| 690 | 07|aBusinesses|2gcpds |
| 775 | 08|tEn affaires avec les jeunes entrepreneurs |w(CaOODSP)9.638194 |
| 856 | 40|ahttp://publications.gc.ca|qPDF|s214 KB|uhttps://publications.gc.ca/collections/collection_2010/apeca-acoa/C89-4-121-2006-eng.pdf |